LEADER 00955cam--2200349---450 001 990001145070203316 005 20230210102017.0 035 $a000114507 035 $aUSA01000114507 035 $a(ALEPH)000114507USA01 035 $a000114507 100 $a20030430d1987----km-y0itay0103----ba 101 0 $aita 102 $aIT 105 $a||||||||001yy 200 1 $aAlfabeto napoletano$fRenato de Falco 210 $aNapoli$cColonnese$d1987 215 $a337 p.$d21 cm 225 2 $aNapoletana$v2 410 0$12001$aNapoletana$V, 2 606 0 $aDialetti campani$2BNCF 676 $a457.7303 700 1$aDE FALCO,$bRenato$035906 801 0$aIT$bsalbc$gISBD 912 $a990001145070203316 951 $aXVII A.A. 4111$b2122 DLAS$cXVII A.A.$d552685 959 $aBK 969 $aCAS 979 $aDLAS$b10$c20030430$lUSA01$h1102 979 $aPATRY$b90$c20040406$lUSA01$h1719 996 $aAlfabeto napoletano$9148233 997 $aUNISA LEADER 01373nam a2200361 i 4500 001 991001274049707536 005 20020507190432.0 008 940209s1983 ||| ||| | eng 020 $a3540125531 035 $ab10824753-39ule_inst 035 $aLE01309767$9ExL 040 $aDip.to Matematica$beng 082 0 $a515.40285425 084 $aAMS 65D 084 $aAMS 65D30 084 $aQA299.6.Q36 100 1 $aPiessens, R.$058331 245 10$aQuadpack :$ba subroutine package for automatic integration /$cR. Piessens ... [et al.] 260 $aBerlin ; New York :$bSpringer-Verlag,$c1983 300 $a301 p. :$bill. ;$c23 cm 490 0 $aSpringer series in computational mathematics,$x0179-3632 ;$v1 500 $aIncludes bibliographical references. 650 4$aComputer programs 650 4$aNumerical integration 650 4$aNumerical integration-computer programs 650 4$aQuadpack (Computer file) 907 $a.b10824753$b23-02-17$c28-06-02 912 $a991001274049707536 945 $aLE013 65D PIE11 C.1 (1983)$g1$i2013000017372$lle013$o-$pE0.00$q-$rl$s- $t0$u0$v0$w0$x0$y.i10932483$z28-06-02 945 $aLE013 65D PIE11 C.2 (1983)$g2$i2013000017617$lle013$o-$pE0.00$q-$rl$s- $t0$u0$v0$w0$x0$y.i10932495$z28-06-02 996 $aQuadpack$9380463 997 $aUNISALENTO 998 $ale013$b01-01-94$cm$da $e-$feng$gxx $h0$i2